|
|
|
|
| LEADER |
00000cam a2200000 a 4500 |
| 001 |
vtls008345890 |
| 003 |
SK-MaSNL |
| 005 |
20260301135331.0 |
| 008 |
230403s1961 xo a gr 000 f slo |
| 015 |
|
|
|a SNBA1961/12-02609
|
| 020 |
|
|
|q (viazané)
|
| 035 |
|
|
|a SK01SNK19610038107
|
| 035 |
|
|
|a urn:nbn:sk:snk-am3ikjs
|
| 035 |
|
|
|a 9DF1FB04-227E-4E28-BA79-A80FD225BFB6
|
| 035 |
|
|
|a urn:nbn:sk:snk-am00ena7
|
| 035 |
|
|
|a SKM000040570
|
| 040 |
|
|
|a SNK
|b slo
|c SNK
|e AACR2
|
| 041 |
0 |
|
|a slo
|
| 044 |
|
|
|a xo
|c SK
|
| 072 |
|
7 |
|a 821.162.4-3
|x Slovenská próza
|2 konspekt
|
| 080 |
|
|
|a 821.162.4-31
|2 2011
|
| 080 |
|
|
|a (0:82-313.1)
|2 2011
|
| 100 |
1 |
|
|a Bodenek, Ján,
|d 1911-1985
|4 aut
|9 117898
|
| 245 |
1 |
0 |
|a Katastrofa
|c Ján Bodenek ; ilustroval Viktor Kubal
|
| 250 |
|
|
|a Vydanie prvé
|
| 260 |
|
|
|a Banská Bystrica
|b Stredoslovenské vydavateľstvo
|c 1961
|
| 300 |
|
|
|a 115 strán
|b ilustrácie
|c 21 cm
|
| 366 |
|
|
|e 4800 kusov
|
| 490 |
1 |
|
|a Rozkvet
|v 3
|
| 655 |
|
7 |
|a slovenské romány
|2 SNKPH
|9 70324
|
| 655 |
|
7 |
|a satirické romány
|2 SNKPH
|9 70264
|
| 700 |
1 |
|
|a Kubal, Viktor,
|d 1923-1997
|4 ill
|9 111639
|
| 830 |
|
0 |
|a Rozkvet
|9 265157
|
| 852 |
|
|
|a Slovenská národná knižnica
|
| 954 |
|
|
|a beletria pôvodná (slovenská)
|2 lita
|
| 958 |
|
|
|a EUIPO
|
| 958 |
|
|
|a OND
|
| 958 |
|
|
|a RK
|
| 958 |
|
|
|a TL
|
| 958 |
|
|
|a LX
|
| 999 |
|
|
|c 759839
|d 761769
|
| 952 |
|
|
|a SNK
|b SNK
|y PREZ
|7 0
|p 17A1150645
|o snkSC 15781 D1
|i snkKSP 5517/61
|0 0
|1 0
|4 0
|d 2016-06-20
|l 0
|r 2026-02-24 00:01:14
|w 2026-02-24
|
| 952 |
|
|
|a SNK
|b SNK
|y PREZ
|7 0
|p 17A0841318
|o snkSC 15781
|i snkKSP 5516/61
|0 0
|1 0
|4 0
|d 2020-04-14
|f 1
|l 0
|r 2025-07-18 00:00:00
|w 2026-02-24
|